Statystyki dla Kraje w Europie z najdłuższą siecią autostrad

Kliknij tutaj aby rozwiązać quiz!

Ogólne statystyki

  • Ten quiz został rozwiązany 685 razy
  • Średni wynik to 18 z 20

Statystyki odpowiedzi

Lp.OdpowiedźLiczba km2 autostrad% Poprawnych
2.Niemcy15 306
100%
3.Francja11 612
99%
13.Polska1638
99%
1.Hiszpania17 100
98%
4.Włochy6943
97%
9.Szwecja2130
96%
5.Wielka Brytania3649
96%
14.Czechy1243
94%
10.Austria2105
93%
7.Portugalia2948
93%
8.Grecja2133
91%
11.Belgia1763
90%
20.Finlandia900
90%
6.Holandia3070
90%
15.Szwajcaria1447
90%
18.Węgry1155
89%
17.Dania1246
87%
16.Chorwacja1314
86%
19.Irlandia916
85%
12.Łotwa1675
64%

Rozkład punktacji

Percentyl według liczby udzielonych odpowiedzi

Procent ludzi z każdym wynikiem

Twoja historia wyników

Nie rozwiązałeś tego quizu